Tvorivosťou proti hlúposti Neohlásená návšteva u Jozefa Cillera

Bibliographic Details
Main Authors: Šugár, Štefan (Author, Interviewer), Ciller, Jozef, 1942- (Author)
Format: Article
Language:Slovak
PhysicalDescription:Fotogr. 1
Subjects:

MARC

LEADER 00000nab a2200000 a 4500
001 vtls000509653
003 SK-MaSNL
005 20260303003447.0
008 120927c1994 xo 0 slo
015 |a SNBRB19rr/mm-uuuuu 
035 |a CL0509791 
040 |a SNKBUCL  |b slo  |c SNKBUCL  |e AACR2 
041 0 |a slo 
044 |a xo  |c SK 
080 |a 792.021.071.1  |2 1981 
080 |a 76.071.1  |2 1981 
100 1 |a Šugár, Štefan  |4 aut  |4 ivr  |9 403726 
245 1 0 |a Tvorivosťou proti hlúposti  |b Neohlásená návšteva u Jozefa Cillera  |c Štefan Šugár, Jozef Ciller 
300 |b Fotogr. 1 
600 1 7 |a Ciller, Jozef,  |d 1942-  |2 snkbucl  |9 110535 
655 7 |a rozhovory  |2 snkbucl  |9 31831 
655 7 |a články z novín a časopisov  |2 snkbucl  |9 267496 
700 1 |a Ciller, Jozef,  |d 1942-  |4 aut  |4 ive  |9 110535 
773 0 |t Slobodný piatok  |g Roč. 5, č. 5 (1994), s. 8 
850 |a Slovenská národná knižnica v Martine  |a MTA001 
852 |a SNK  |b KIS3GCP 
992 |a RBX 
999 |c 1572862  |d 1574792